Konštrukčný návrh motocyklového motora

Gespeichert in:
Bibliographische Detailangaben
1. Verfasser: Petrik, Tomáš, 1984- (Verfasst von)
Weitere Verfasser: Petrák, Peter, 1955- (Betreuung Doktorarbeit)
Format: Manuskript Buch
Sprache:Slowakisch
Veröffentlicht: Bratislava : STU v Bratislave SjF, 2010
Schlagworte:
Online-Zugang:VAIS
Tags: Tag hinzufügen
Keine Tags, Fügen Sie das erste Tag hinzu!

MARC

LEADER 00000ntm a22000003a 4500
001 stu210444
005 20150617230106.3
008 100907s2010----xo------------------slo-d
040 |a STU  |b slo 
041 0 |a slo 
044 |a xo 
100 1 |a Petrik, Tomáš,  |d 1984-  |4 aut  |u J0030  |U SjF Strojnícka fakulta  |T SjF Ústav dopravnej techniky a konštruovania  |X 30044  |U J0030  |Y 806  |7 A000030044 
242 0 0 |a Constructional Design of Motorcycle Engine  |y eng 
245 1 |a Konštrukčný návrh motocyklového motora 
260 |a Bratislava :  |b STU v Bratislave SjF,  |c 2010 
650 7 |a tepelný výpočet  |2 stusub 
700 1 |a Petrák, Peter,  |d 1955-  |4 ths  |u J0030  |U SjF Strojnícka fakulta  |T SjF Ústav dopravnej techniky a konštruovania  |X 2414  |U J0030  |Y 806  |7 A000002414 
856 4 |a info a plný text  |u http://is.stuba.sk/zp/portal_zp.pl?podrobnosti=62267  |3 VAIS 
996 |b 284J039019  |c J*887/DP  |l JJSK  |s A  |a 24  |w stu210444_0001